Puesta a punto de la celda de manufactura del laboratorio de automática
Gespeichert in:
| 1. Verfasser: | |
|---|---|
| Format: | Buch |
| Veröffentlicht: |
San José, Costa Rica
20006
|
| Schlagworte: | |
| Tags: |
Tag hinzufügen
Keine Tags, Fügen Sie den ersten Tag hinzu!
|
MARC
| LEADER | 00000nam a2200000Ia 4500 | ||
|---|---|---|---|
| 003 | 009896 | ||
| 005 | 20221231144110.0 | ||
| 008 | 140114s2006 cr a 000 ||s d | ||
| 040 | |c cru CEDI | ||
| 090 | |a TFG 5396 | ||
| 100 | |a Núñez Jiménez, Mauricio |9 4979 | ||
| 245 | |a Puesta a punto de la celda de manufactura del laboratorio de automática | ||
| 260 | |c 20006 |b San José, Costa Rica | ||
| 300 | |a xi, 77 hojas; ilustraciones (principalmente a color) | ||
| 500 | |a Proyecto de graduación (bachillerato en ingeniería eléctrica)--Universidad de Costa Rica. Facultad de Ingeniería. Escuela de Ingeniería Eléctrica | ||
| 650 | |x ROBOTICA |x MOVIMIENTOS MECANICOS |x INTELIGENCIA ARTIFICIAL |9 4980 | ||
| 942 | |c TFG | ||
| 999 | |c 16879 |d 16879 | ||
